[Event "Coventry International"]
[Site "Coventry"]
[Date "2025.10.28"]
[Round "4.10"]
[White "Vijayakumar, Rishi"]
[Black "Roberts, Paul E"]
[Result "1/2-1/2"]
[WhiteElo "2300"]
[BlackElo "2098"]
[PlyCount "55"]
[EventDate "2025.10.26"]
[EventType "swiss"]
[EventRounds "9"]
[EventCountry "ENG"]
[SourceTitle "BritBase"]
[Source "John Saunders"]
[SourceDate "2025.10.31"]
[SourceVersion "1"]
[SourceVersionDate "2025.10.31"]
[SourceQuality "1"]

1. d4 e6 2. c4 Nf6 3. Nf3 d5 4. Nc3 a6 5. cxd5 exd5 6. Bg5 Be6 7. Bxf6 Qxf6 8. Qb3 Ra7 9. g3 Qd8 10. e4 dxe4 11. d5 Bf5 12. Nd4 Bg6 13. h4 h6 14. h5 Bh7 15. Qa4+ Nd7 16. Ne6 b5 17. Qd4 fxe6 18. Qxa7 Bc5 19. Qxa6 O-O 20. Rh2 Qg5 21. Qxe6+ Kh8 22. Qxd7 Bxf2+ 23. Rxf2 Qe3+ 24. Re2 Qxg3+ 25. Kd2 Qd3+ 26. Ke1 Qg3+ 27. Kd2 Qd3+ 28. Ke1 1/2-1/2

[Event "Coventry International"]
[Site "Coventry"]
[Date "2025.10.28"]
[Round "4.11"]
[White "Navrotescu, Andreea-Cristiana"]
[Black "Lebedev, Lion"]
[Result "0-1"]
[WhiteElo "2257"]
[BlackElo "2091"]
[PlyCount "74"]
[EventDate "2025.10.26"]
[EventType "swiss"]
[EventRounds "9"]
[EventCountry "ENG"]
[SourceTitle "BritBase"]
[Source "John Saunders"]
[SourceDate "2025.10.31"]
[SourceVersion "1"]
[SourceVersionDate "2025.10.31"]
[SourceQuality "1"]

1. d4 d5 2. c4 c6 3. Nf3 Nf6 4. Nc3 e6 5. Bg5 h6 6. Bh4 dxc4 7. e4 g5 8. Bg3 b5 9. h4 Qa5 10. Nd2 g4 11. Be2 h5 12. O-O Bb7 13. a4 Qb6 14. d5 a6 15. dxe6 fxe6 16. e5 Nd5 17. Qc2 Kf7 18. Nce4 Be7 19. Nd6+ Kg7 20. Qe4 Nd7 21. Bxg4 Bxd6 22. Bxh5 Rh6 23. Nf3 Be7 24. Qg4+ Kh8 25. Bf7 c5 26. Ng5 Rf8 27. axb5 axb5 28. Bxe6 Bxg5 29. Bxd5 Bxd5 30. hxg5 Rh7 31. Rfd1 Qc6 32. Rxd5 Qxd5 33. Rd1 Nxe5 34. Qe2 Nd3 35. g6 Qh5 36. g7+ Kxg7 37. Qe7+ Rf7 0-1

[Event "Coventry International"]
[Site "Coventry"]
[Date "2025.10.28"]
[Round "4.12"]
[White "Young, Daniel J"]
[Black "Turner, Max N"]
[Result "0-1"]
[WhiteElo "1933"]
[BlackElo "2255"]
[PlyCount "92"]
[EventDate "2025.10.26"]
[EventType "swiss"]
[EventRounds "9"]
[EventCountry "ENG"]
[SourceTitle "BritBase"]
[Source "John Saunders"]
[SourceDate "2025.10.31"]
[SourceVersion "1"]
[SourceVersionDate "2025.10.31"]
[SourceQuality "1"]

1. e4 e5 2. Nf3 Nc6 3. Bb5 a6 4. Ba4 Nf6 5. O-O Be7 6. Re1 b5 7. Bb3 O-O 8. c3 d6 9. h3 Nb8 10. d4 Nbd7 11. Nbd2 Bb7 12. Bc2 Re8 13. Nf1 Bf8 14. Ng3 g6 15. a4 c5 16. d5 c4 17. Bg5 Nc5 18. Qd2 Be7 19. Ra3 Nfd7 20. Bxe7 Qxe7 21. Rea1 bxa4 22. Bxa4 Nxa4 23. Rxa4 Nc5 24. Rb4 f6 25. Qc2 a5 26. Rxc4 Ba6 27. Rxc5 dxc5 28. Rxa5 Bd3 29. Qa4 Rxa5 30. Qxa5 Rb8 31. Ne1 Bc4 32. Qa4 Bb5 33. Qa5 Qd6 34. Nc2 Qb6 35. Qa2 Qa6 36. Qxa6 Bxa6 37. b4 Bd3 38. Ne1 Bc4 39. bxc5 Rb1 40. c6 Rxe1+ 41. Kh2 Kf7 42. d6 Rd1 43. c7 Ba6 44. Nf1 Rxd6 45. Ne3 Rc6 46. Nd5 Bc4 0-1

[Event "Coventry International"]
[Site "Coventry"]
[Date "2025.10.28"]
[Round "4.13"]
[White "Zhang, Junyi"]
[Black "Verma, Aditya"]
[Result "1/2-1/2"]
[WhiteElo "2058"]
[BlackElo "2164"]
[PlyCount "68"]
[EventDate "2025.10.26"]
[EventType "swiss"]
[EventRounds "9"]
[EventCountry "ENG"]
[SourceTitle "BritBase"]
[Source "John Saunders"]
[SourceDate "2025.10.31"]
[SourceVersion "1"]
[SourceVersionDate "2025.10.31"]
[SourceQuality "1"]

1. e4 c5 2. Nf3 d6 3. d4 cxd4 4. Nxd4 Nf6 5. f3 Nc6 6. Nc3 e5 7. Nb3 Be6 8. Nd5 Be7 9. c4 O-O 10. Be3 a5 11. Qd2 a4 12. Nc1 Nd7 13. Be2 Bxd5 14. cxd5 Nd4 15. O-O f5 16. Nd3 Qb6 17. exf5 Qa5 18. Qxa5 Nxe2+ 19. Kf2 Rxa5 20. Kxe2 Nf6 21. g4 Nxd5 22. Bd2 Raa8 23. Rac1 Rac8 24. f4 exf4 25. Nxf4 Nxf4+ 26. Bxf4 Bf6 27. b3 axb3 28. axb3 d5 29. Kd3 h6 30. Bd2 Rc6 31. Rc2 Rfc8 32. Rfc1 Kf7 33. b4 Be5 34. h3 Kf6 1/2-1/2

[Event "Coventry International"]
[Site "Coventry"]
[Date "2025.10.28"]
[Round "4.14"]
[White "Kanyamarala, Trisha"]
[Black "Sieczkowski, Adam"]
[Result "1-0"]
[WhiteElo "2149"]
[BlackElo "1909"]
[PlyCount "111"]
[EventDate "2025.10.26"]
[EventType "swiss"]
[EventRounds "9"]
[EventCountry "ENG"]
[SourceTitle "BritBase"]
[Source "John Saunders"]
[SourceDate "2025.10.31"]
[SourceVersion "1"]
[SourceVersionDate "2025.10.31"]
[SourceQuality "1"]

1. e4 c5 2. Nf3 g6 3. c4 Bg7 4. d4 cxd4 5. Nxd4 Nc6 6. Be3 Nf6 7. Nc3 d6 8. Be2 O-O 9. f3 Bd7 10. Qd2 a6 11. O-O Qb8 12. Nc2 Rc8 13. Na4 Ne5 14. Nb6 Be6 15. Nxc8 Qxc8 16. b3 h5 17. Nb4 Kh7 18. Rac1 Ned7 19. Nd5 Qd8 20. Nf4 Rc8 21. Rfd1 b6 22. b4 Rc7 23. c5 bxc5 24. bxc5 dxc5 25. e5 Ng8 26. Bd3 Qc8 27. Bxg6+ Kh8 28. Nxe6 fxe6 29. f4 Nf8 30. Bxh5 c4 31. Qd8 Nh6 32. Qxc8 Rxc8 33. g4 Kg8 34. Rd4 c3 35. Rd3 c2 36. Rd2 Rc3 37. Kf2 Ng6 38. Rdxc2 Ra3 39. Bc5 Rh3 40. Bxg6 Nxg4+ 41. Kg2 Rh6 42. Be4 Rh8 43. h3 Nh6 44. Bxe7 Nf5 45. Bxf5 exf5 46. Rc8+ Kf7 47. Rxh8 Bxh8 48. Bg5 a5 49. Rc6 Bxe5 50. fxe5 f4 51. e6+ Kg6 52. e7+ Kxg5 53. e8=Q f3+ 54. Kxf3 a4 55. Qg6+ Kh4 56. Qg4# 1-0

[Event "Coventry International"]
[Site "Coventry"]
[Date "2025.10.28"]
[Round "4.15"]
[White "Dicen, Elis Denele"]
[Black "Amir, Zain"]
[Result "1-0"]
[WhiteElo "2123"]
[BlackElo "1690"]
[PlyCount "65"]
[EventDate "2025.10.26"]
[EventType "swiss"]
[EventRounds "9"]
[EventCountry "ENG"]
[SourceTitle "BritBase"]
[Source "John Saunders"]
[SourceDate "2025.10.31"]
[SourceVersion "1"]
[SourceVersionDate "2025.10.31"]
[SourceQuality "1"]

1. d4 Nc6 2. Nf3 d6 3. e4 Nf6 4. Nc3 Bg4 5. d5 Nb8 6. h3 Bh5 7. Be3 Nbd7 8. Be2 Bxf3 9. Bxf3 g6 10. g4 c5 11. Qd2 h5 12. g5 Nh7 13. Be2 Bg7 14. a4 Qb6 15. Nd1 Rc8 16. c3 Qa5 17. Ra3 c4 18. Bd4 Bxd4 19. Qxd4 O-O 20. Ne3 Ne5 21. f4 Nd3+ 22. Bxd3 cxd3 23. Qxd3 f6 24. gxf6 exf6 25. Rg1 g5 26. Nf5 Qb6 27. Rg2 Rce8 28. a5 Qd8 29. Kd1 Kh8 30. Qf3 gxf4 31. Rg7 Rg8 32. Rxh7+ Kxh7 33. Qxh5# 1-0

[Event "Coventry International"]
[Site "Coventry"]
[Date "2025.10.28"]
[Round "4.16"]
[White "Vaidyanathan, Avinash"]
[Black "Wang, Hao ZJ"]
[Result "0-1"]
[WhiteElo "1949"]
[BlackElo "2424"]
[PlyCount "80"]
[EventDate "2025.10.26"]
[EventType "swiss"]
[EventRounds "9"]
[EventCountry "ENG"]
[SourceTitle "BritBase"]
[Source "John Saunders"]
[SourceDate "2025.10.31"]
[SourceVersion "1"]
[SourceVersionDate "2025.10.31"]
[SourceQuality "1"]

1. e4 e5 2. Nf3 Nc6 3. Bc4 Bc5 4. O-O Nf6 5. d4 exd4 6. e5 d5 7. exf6 dxc4 8. fxg7 Rg8 9. Re1+ Be6 10. Bg5 Be7 11. Bxe7 Kxe7 12. Ng5 Rxg7 13. Qh5 Qd5 14. f4 Rag8 15. h4 Qf5 16. Nd2 Qxf4 17. Nde4 Ne5 18. Rf1 Qg4 19. Qh6 Rg6 20. Qxh7 Bf5 21. Rxf5 Qxf5 22. Rf1 Qd7 23. Nf6 Rxf6 24. Rxf6 Kxf6 25. Ne4+ Ke7 26. Qxg8 Qf5 27. Ng3 Qf4 28. Nh5 Qxh4 29. Ng7 Qg5 30. Qe8+ Kd6 31. Qf8+ Kd5 32. Ne8 Ke4 33. Qb4 Nf3+ 34. Kf2 Qe3+ 35. Kg3 Qe1+ 36. Qxe1+ Nxe1 37. Kf2 Nxc2 38. Nxc7 Kd3 39. Nb5 c3 40. bxc3 dxc3 0-1

[Event "Coventry International"]
[Site "Coventry"]
[Date "2025.10.28"]
[Round "4.17"]
[White "Lazarus, Simon E"]
[Black "Berry, Neil"]
[Result "0-1"]
[WhiteElo "1910"]
[BlackElo "2266"]
[PlyCount "108"]
[EventDate "2025.10.26"]
[EventType "swiss"]
[EventRounds "9"]
[EventCountry "ENG"]
[SourceTitle "BritBase"]
[Source "John Saunders"]
[SourceDate "2025.10.31"]
[SourceVersion "1"]
[SourceVersionDate "2025.10.31"]
[SourceQuality "1"]

1. d4 Nf6 2. c4 e6 3. Nf3 d5 4. Nc3 Be7 5. Bg5 h6 6. Bh4 O-O 7. e3 Nbd7 8. cxd5 Nxd5 9. Bxe7 Qxe7 10. Qb3 Nxc3 11. Qxc3 c5 12. Be2 cxd4 13. Nxd4 Nf6 14. O-O Bd7 15. Qa5 e5 16. Nf3 Rfe8 17. Rac1 b6 18. Qa6 Bc8 19. Qa4 Bb7 20. Rfd1 Bd5 21. Rc3 Rac8 22. Rdc1 Rxc3 23. Rxc3 Rd8 24. Qc2 Be4 25. Qc1 Qe6 26. Bc4 Qf5 27. Nd2 Bb7 28. h3 Qg5 29. Bf1 Nd5 30. Nf3 Qf6 31. Rc4 Ne7 32. Be2 Ba6 33. Rc2 Bxe2 34. Rxe2 Qe6 35. b3 Nc6 36. Rd2 Rd5 37. Qd1 Rc5 38. Rd6 Qf5 39. Rd2 g6 40. Ne1 e4 41. Rc2 Nb4 42. Qd8+ Kh7 43. Rxc5 Qxc5 44. Qd7 Kg7 45. a3 Qc3 46. axb4 Qxe1+ 47. Kh2 Qxb4 48. Qxa7 Qxb3 49. Qe7 Qd5 50. Qb4 b5 51. Qb2+ Kh7 52. Qf6 b4 53. h4 b3 54. g4 Qe6 0-1

[Event "Coventry International"]
[Site "Coventry"]
[Date "2025.10.28"]
[Round "4.18"]
[White "Luk, Danbe"]
[Black "Brett, Andrew R"]
[Result "1/2-1/2"]
[WhiteElo "2131"]
[BlackElo "2034"]
[PlyCount "165"]
[EventDate "2025.10.26"]
[EventType "swiss"]
[EventRounds "9"]
[EventCountry "ENG"]
[SourceTitle "BritBase"]
[Source "John Saunders"]
[SourceDate "2025.10.31"]
[SourceVersion "1"]
[SourceVersionDate "2025.10.31"]
[SourceQuality "1"]

1. d4 Nf6 2. c4 e6 3. Nf3 d5 4. Nc3 Bb4 5. Bg5 h6 6. Bxf6 Qxf6 7. e3 O-O 8. Rc1 Nc6 9. cxd5 exd5 10. Bd3 Bg4 11. a3 Bxc3+ 12. Rxc3 Rfe8 13. O-O Rad8 14. b4 a6 15. Be2 Qg6 16. Kh1 Qd6 17. Qc2 Qf6 18. Rb1 Bf5 19. Bd3 Bd7 20. Rc1 Bg4 21. Be2 Rd6 22. Qd2 Bd7 23. Rc5 Rc8 24. a4 Qd8 25. Ne5 Be8 26. Bg4 Ra8 27. Bf3 f6 28. Nd3 b6 29. R5c2 Ne7 30. a5 c6 31. axb6 Qxb6 32. Ra1 Bg6 33. Be2 Rdd8 34. Rca2 Rdb8 35. Ra4 Bxd3 36. Bxd3 Ra7 37. h3 Qc7 38. Qe2 Qd6 39. Qg4 Kf7 40. Qh5+ Kf8 41. g3 Rxb4 42. Rxa6 Rxa6 43. Rxa6 Qb8 44. Kg2 Rb3 45. Be2 Rb2 46. Bg4 Qe8 47. Qxe8+ Kxe8 48. Be6 Rb8 49. Ra7 Rd8 50. Bg4 f5 51. Bd1 Kf7 52. h4 g6 53. g4 fxg4 54. Bxg4 Kf6 55. Rc7 Rb8 56. Rd7 Nf5 57. Bxf5 Kxf5 58. Rd6 Rb6 59. Kf3 Ra6 60. Kg3 Rb6 61. f4 Rb3 62. Kf3 Rc3 63. Rd8 Kf6 64. Rh8 Kg7 65. Rc8 Kf6 66. Rc7 Rc2 67. Rc8 Rc3 68. Re8 Kf7 69. Re5 Kf6 70. f5 gxf5 71. Kf4 Rc1 72. Rxf5+ Ke6 73. Rh5 Rf1+ 74. Kg3 Rf6 75. Re5+ Kd6 76. Re8 Kd7 77. Rh8 Ke6 78. Kg4 Kf7 79. Rh7+ Kg6 80. Rc7 h5+ 81. Kg3 Re6 82. Kf3 Rf6+ 83. Kg3 1/2-1/2

[Event "Coventry International"]
[Site "Coventry"]
[Date "2025.10.28"]
[Round "4.19"]
[White "Mehmood, Muhammed"]
[Black "Vaidyanathan, Adithya"]
[Result "0-1"]
[WhiteElo "1660"]
[BlackElo "2129"]
[PlyCount "136"]
[EventDate "2025.10.26"]
[EventType "swiss"]
[EventRounds "9"]
[EventCountry "ENG"]
[SourceTitle "BritBase"]
[Source "John Saunders"]
[SourceDate "2025.10.31"]
[SourceVersion "1"]
[SourceVersionDate "2025.10.31"]
[SourceQuality "1"]

1. d4 d5 2. c4 e6 3. Nf3 c6 4. Nc3 dxc4 5. a4 Bb4 6. Bd2 b5 7. e3 a5 8. axb5 Bxc3 9. Bxc3 cxb5 10. Ne5 Bb7 11. Qg4 Kf8 12. Qf4 Nf6 13. Be2 Nc6 14. O-O Nxe5 15. Qxe5 Bd5 16. f3 Qb6 17. e4 Nd7 18. Qg3 Bb7 19. Rfd1 f6 20. Kh1 Kf7 21. Be1 Rhc8 22. Bf2 Qc7 23. Qh3 Nf8 24. d5 e5 25. Qh5+ Kg8 26. Be1 Rd8 27. Rac1 Qb6 28. Ra1 Ng6 29. Bd2 Bc8 30. g3 Re8 31. Bf1 Bd7 32. Bh3 Bxh3 33. Qxh3 b4 34. Qf1 Rec8 35. Qe1 Ne7 36. Be3 Qd6 37. Rdc1 Kf7 38. Qe2 c3 39. bxc3 bxc3 40. Qd3 Qb4 41. d6 Rd8 42. Qxc3 Qxc3 43. Rxc3 Rxd6 44. Rc7 Rc6 45. Ra7 Rxa7 46. Bxa7 Ra6 47. Bc5 a4 48. Kg2 Nc6 49. Kf2 Ke6 50. Ke3 Ra5 51. Rc1 a3 52. Bb6 Ra6 53. Rxc6+ Kd7 54. Rc1 Rxb6 55. Ra1 Rb3+ 56. Ke2 Rb2+ 57. Ke3 a2 58. h4 Kc6 59. Kd3 Kc5 60. Kc3 Rf2 61. f4 exf4 62. gxf4 Rf3+ 63. Kd2 Kd4 64. Ke2 Rh3 65. e5 fxe5 66. fxe5 Kxe5 67. Kf2 Rxh4 68. Kg3 Ra4 0-1

[Event "Coventry International"]
[Site "Coventry"]
[Date "2025.10.28"]
[Round "4.20"]
[White "Moss, Jack O"]
[Black "Verbytski, Oleg"]
[Result "1-0"]
[WhiteElo "1886"]
[BlackElo "2092"]
[PlyCount "89"]
[EventDate "2025.10.26"]
[EventType "swiss"]
[EventRounds "9"]
[EventCountry "ENG"]
[SourceTitle "BritBase"]
[Source "John Saunders"]
[SourceDate "2025.10.31"]
[SourceVersion "1"]
[SourceVersionDate "2025.10.31"]
[SourceQuality "1"]

1. d4 d5 2. Nf3 Nf6 3. g3 e6 4. Bg2 Be7 5. O-O O-O 6. c4 dxc4 7. Qc2 a6 8. a4 Bd7 9. Qxc4 Bc6 10. Bg5 Nbd7 11. Nc3 h6 12. Bxf6 Nxf6 13. Rfe1 Bd5 14. Qd3 c5 15. e4 Bc6 16. d5 exd5 17. exd5 Re8 18. Ne5 Rb8 19. dxc6 Bd6 20. Rad1 Bxe5 21. Qxd8 Rbxd8 22. Rxd8 Rxd8 23. Rxe5 bxc6 24. Rxc5 Rd2 25. Rxc6 a5 26. Bf3 Rxb2 27. Kg2 Rb3 28. Nd5 Nd7 29. Be4 g6 30. Nf6+ Nxf6 31. Rxf6 Rb4 32. Bc6 Rb6 33. Rd6 Kf8 34. Rd8+ Ke7 35. Re8+ Kd6 36. Bb5 Kc5 37. Rh8 h5 38. h4 Kb4 39. Rf8 f5 40. Kf3 Rd6 41. Rc8 Rd4 42. Rc6 Rg4 43. Rf6 Ka3 44. Kg2 Kb2 45. f3 1-0

[Event "Coventry International"]
[Site "Coventry"]
[Date "2025.10.28"]
[Round "4.21"]
[White "Burrows, Martin P"]
[Black "Dupuis, Denis K"]
[Result "1-0"]
[WhiteElo "2088"]
[BlackElo "2013"]
[PlyCount "85"]
[EventDate "2025.10.26"]
[EventType "swiss"]
[EventRounds "9"]
[EventCountry "ENG"]
[SourceTitle "BritBase"]
[Source "John Saunders"]
[SourceDate "2025.10.31"]
[SourceVersion "1"]
[SourceVersionDate "2025.10.31"]
[SourceQuality "1"]

1. e4 e5 2. Nf3 Nc6 3. Bb5 Nf6 4. O-O Nxe4 5. d4 Nd6 6. Ba4 e4 7. Ne5 Be7 8. Nc3 O-O 9. Re1 Nf5 10. Rxe4 Bf6 11. Nd5 Bxe5 12. dxe5 d6 13. exd6 Nxd6 14. Re1 Re8 15. Rxe8+ Nxe8 16. Bf4 Bd7 17. c3 Be6 18. Ne3 Qf6 19. Bg3 Rd8 20. Qe2 Qe7 21. Bc2 Qc5 22. a4 Rd7 23. Rd1 g6 24. Rxd7 Bxd7 25. Bb3 Ne7 26. Qf3 Nf5 27. Qd1 Ned6 28. Bf4 Kg7 29. h3 Be6 30. Bxe6 fxe6 31. Ng4 Qd5 32. Be5+ Kf7 33. Qe2 Qc4 34. Qd2 Qxa4 35. Qg5 Ne8 36. Qd8 Ne7 37. Kh2 Qc6 38. Qd4 Nd6 39. Bh8 Nef5 40. Qf6+ Ke8 41. Qxe6+ Kf8 42. Ne5 Qa4 43. Nd7+ 1-0

[Event "Coventry International"]
[Site "Coventry"]
[Date "2025.10.28"]
[Round "4.22"]
[White "Fellowes, Billy"]
[Black "Liu, Jacob"]
[Result "1/2-1/2"]
[WhiteElo "2184"]
[BlackElo "1902"]
[PlyCount "208"]
[EventDate "2025.10.26"]
[EventType "swiss"]
[EventRounds "9"]
[EventCountry "ENG"]
[SourceTitle "BritBase"]
[Source "John Saunders"]
[SourceDate "2025.10.31"]
[SourceVersion "1"]
[SourceVersionDate "2025.10.31"]
[SourceQuality "1"]

1. e4 e6 2. d4 d5 3. e5 c5 4. c3 Nc6 5. Nf3 Qb6 6. Bd3 Bd7 7. O-O cxd4 8. Re1 Nge7 9. h4 dxc3 10. bxc3 Ng6 11. h5 Bc5 12. Re2 Nge7 13. Nbd2 Qc7 14. Nb3 Bb6 15. Ba3 Na5 16. Bd6 Qd8 17. Qc1 h6 18. Qf4 Rc8 19. Nxa5 Bxa5 20. c4 dxc4 21. Bxc4 O-O 22. Bd3 Bc6 23. Nd4 Bd5 24. Rd1 Bc4 25. Bxc4 Rxc4 26. Qf3 Qd7 27. Nb3 Bb6 28. Red2 Re8 29. Bxe7 Qxe7 30. Rd7 Qf8 31. Rxb7 Rc2 32. Nd2 Rd8 33. Ne4 Rxd1+ 34. Qxd1 Qc8 35. Re7 Rc1 36. Re8+ Qxe8 37. Qxc1 Qa4 38. Nd6 Qxa2 39. Qf4 Kh7 40. Qe4+ Kh8 41. Qa8+ Kh7 42. Qe4+ Kg8 43. Qf4 Qa1+ 44. Kh2 f6 45. Nc4 Bc7 46. Qe4 Bxe5+ 47. f4 Qd4 48. Qa8+ Kh7 49. fxe5 Qxc4 50. exf6 Qf4+ 51. Kg1 Qd4+ 52. Kh2 Qd6+ 53. g3 Qd2+ 54. Kh3 gxf6 55. Qxa7+ Kg8 56. Qb8+ Kf7 57. Qc7+ Ke8 58. Qc8+ Ke7 59. Qc7+ Qd7 60. Qc5+ Kf7 61. Qe3 e5+ 62. Kh2 Kg7 63. Qe4 Qd2+ 64. Kh3 Qd7+ 65. Kh2 Kf8 66. Qg6 Qg7 67. Qf5 Ke7 68. Qe4 Qg5 69. Qb7+ Ke6 70. Qc6+ Kf5 71. Qf3+ Ke6 72. Qc6+ Kf7 73. Qd7+ Kg8 74. Qe8+ Kh7 75. Qf7+ Qg7 76. Qe6 Qf8 77. Kg2 Kg7 78. Kh2 Qf7 79. Qf5 Kf8 80. Qc8+ Qe8 81. Qf5 Qe7 82. Qc8+ Kf7 83. Qc4+ Qe6 84. Qc7+ Ke8 85. Qb8+ Kd7 86. Qb7+ Kd6 87. Qb6+ Kd5 88. Qb3+ Kd6 89. Qb6+ Ke7 90. Qa7+ Qd7 91. Qe3 Qd1 92. Qxh6 Qe2+ 93. Kg1 e4 94. Qg7+ Ke6 95. h6 e3 96. Qg8+ Ke5 97. h7 Qf2+ 98. Kh1 e2 99. Qe8+ Kf5 100. Qxe2 Qxe2 101. h8=Q Qf1+ 102. Kh2 Qf2+ 103. Kh3 Qf1+ 104. Kh2 Qf2+ 1/2-1/2

[Event "Coventry International"]
[Site "Coventry"]
[Date "2025.10.28"]
[Round "4.23"]
[White "McMahon, Paul"]
[Black "Latt, Maung M"]
[Result "0-1"]
[WhiteElo "1894"]
[BlackElo "2140"]
[PlyCount "68"]
[EventDate "2025.10.26"]
[EventType "swiss"]
[EventRounds "9"]
[EventCountry "ENG"]
[SourceTitle "BritBase"]
[Source "John Saunders"]
[SourceDate "2025.10.31"]
[SourceVersion "1"]
[SourceVersionDate "2025.10.31"]
[SourceQuality "1"]

1. e4 c6 2. Nf3 d5 3. exd5 cxd5 4. Ne5 Nf6 5. d4 e6 6. Nd2 Bd6 7. f4 Qb6 8. c3 Nc6 9. Bd3 a6 10. Ndf3 h6 11. Qc2 Bd7 12. O-O O-O 13. Kh1 Rac8 14. a3 Qc7 15. Be3 Be8 16. Rac1 Na5 17. h3 Nc4 18. Bg1 Nh5 19. Qf2 Nxf4 20. Bb1 Ng6 21. Ng4 Bf4 22. Bh2 Bxh2 23. Nfxh2 f5 24. Ne3 Nd6 25. Qe1 Ne4 26. Bxe4 dxe4 27. g3 Qd6 28. Kg2 f4 29. Nc2 a5 30. Rg1 Bc6 31. Nf1 Rf6 32. Kh2 Rcf8 33. gxf4 Nxf4 34. Qg3 Rg6 0-1

[Event "Coventry International"]
[Site "Coventry"]
[Date "2025.10.28"]
[Round "4.24"]
[White "Pilley, Jack"]
[Black "Swiatkowski, Dominik"]
[Result "1-0"]
[WhiteElo "2041"]
[BlackElo "1891"]
[PlyCount "63"]
[EventDate "2025.10.26"]
[EventType "swiss"]
[EventRounds "9"]
[EventCountry "ENG"]
[SourceTitle "BritBase"]
[Source "John Saunders"]
[SourceDate "2025.10.31"]
[SourceVersion "1"]
[SourceVersionDate "2025.10.31"]
[SourceQuality "1"]

1. Nf3 d5 2. c4 d4 3. b4 f6 4. e3 e5 5. b5 Ne7 6. Bb2 c5 7. bxc6 Nexc6 8. exd4 exd4 9. d3 Bb4+ 10. Nbd2 O-O 11. Be2 Na6 12. O-O Nc5 13. Nb3 Nxb3 14. Qxb3 Bc5 15. Nd2 f5 16. Bf3 Ne5 17. Bd5+ Kh8 18. Rae1 Qd6 19. Nf3 Nxf3+ 20. Bxf3 Rb8 21. Re2 Bd7 22. Rfe1 Bb4 23. Rc1 Bc5 24. Rce1 Bb4 25. Rc1 Bc5 26. Bd5 Qa6 27. Qc2 Rbe8 28. Rce1 Rxe2 29. Qxe2 Bb4 30. Bxd4 Bxe1 31. Qe7 Bxf2+ 32. Kh1 1-0

[Event "Coventry International"]
[Site "Coventry"]
[Date "2025.10.28"]
[Round "4.25"]
[White "Sasikumar, Srivathsan"]
[Black "Hindol, Ghosh"]
[Result "1-0"]
[WhiteElo "2021"]
[BlackElo "1866"]
[PlyCount "101"]
[EventDate "2025.10.26"]
[EventType "swiss"]
[EventRounds "9"]
[EventCountry "ENG"]
[SourceTitle "BritBase"]
[Source "John Saunders"]
[SourceDate "2025.10.31"]
[SourceVersion "1"]
[SourceVersionDate "2025.10.31"]
[SourceQuality "1"]

1. e4 c5 2. Nf3 d6 3. d4 cxd4 4. Nxd4 Nf6 5. Nc3 a6 6. Be2 e5 7. Nb3 Be7 8. Be3 Be6 9. O-O O-O 10. Qd3 Qc7 11. Nd5 Bxd5 12. exd5 Nbd7 13. c4 Rab8 14. Rac1 b6 15. Rfd1 Nc5 16. Nxc5 bxc5 17. b3 Nd7 18. Bg4 g6 19. Bh6 f5 20. Bxf8 Rxf8 21. Be2 e4 22. Qh3 Bg5 23. Rc2 Qd8 24. f3 Nf6 25. fxe4 Nxe4 26. Bd3 Qf6 27. Bxe4 fxe4 28. Re2 Kh8 29. g3 Be3+ 30. Kh1 Bd4 31. Qg2 e3 32. Kg1 Qe5 33. Rf1 Rf2 34. Rexf2 exf2+ 35. Kh1 Qe2 36. h4 g5 37. Qh3 g4 38. Qg2 Qxa2 39. Qe4 Qxb3 40. Kg2 a5 41. Rb1 f1=Q+ 42. Rxf1 Be5 43. Qxg4 Qb8 44. Rf7 Qb2+ 45. Kh3 Qb8 46. Qf5 Bg7 47. Re7 h6 48. Qg6 Qg8 49. Re8 Bf8 50. Qf6+ Kh7 51. Rxf8 1-0

[Event "Coventry International"]
[Site "Coventry"]
[Date "2025.10.28"]
[Round "4.26"]
[White "Hariharan, Shambavi"]
[Black "Sherwood, Gabriel"]
[Result "1-0"]
[WhiteElo "1989"]
[BlackElo "1851"]
[PlyCount "65"]
[EventDate "2025.10.26"]
[EventType "swiss"]
[EventRounds "9"]
[EventCountry "ENG"]
[SourceTitle "BritBase"]
[Source "John Saunders"]
[SourceDate "2025.10.31"]
[SourceVersion "1"]
[SourceVersionDate "2025.10.31"]
[SourceQuality "1"]

1. d4 d5 2. c4 e6 3. Nc3 c5 4. e3 Nf6 5. cxd5 exd5 6. Nf3 Nc6 7. dxc5 Bxc5 8. a3 O-O 9. b4 Bd6 10. Nb5 Bb8 11. Bb2 Re8 12. Be2 a6 13. Nbd4 Ne5 14. Qb3 Qe7 15. Nxe5 Bxe5 16. Nf3 Bxb2 17. Qxb2 Bf5 18. O-O Rac8 19. Nd4 Be4 20. Rac1 h6 21. Rc3 Nd7 22. Rfc1 Nb6 23. Qd2 Qd7 24. b5 Nc4 25. Bxc4 dxc4 26. bxa6 bxa6 27. Nf3 Qa4 28. Ne1 Red8 29. Qe2 Bd3 30. Qg4 Kh7 31. Nxd3 Rxd3 32. Rxd3 cxd3 33. Qf5+ 1-0

[Event "Coventry International"]
[Site "Coventry"]
[Date "2025.10.28"]
[Round "4.27"]
[White "Doran, Chris"]
[Black "Tso, Chi Wai"]
[Result "1-0"]
[WhiteElo "1972"]
[BlackElo "1817"]
[PlyCount "93"]
[EventDate "2025.10.26"]
[EventType "swiss"]
[EventRounds "9"]
[EventCountry "ENG"]
[SourceTitle "BritBase"]
[Source "John Saunders"]
[SourceDate "2025.10.31"]
[SourceVersion "1"]
[SourceVersionDate "2025.10.31"]
[SourceQuality "1"]

1. e4 d6 2. d4 Nf6 3. Nc3 g6 4. Be3 Nbd7 5. Qd2 Ng4 6. Bg5 h6 7. Bh4 g5 8. Bg3 Bg7 9. f3 Ngf6 10. O-O-O c5 11. Nge2 cxd4 12. Nxd4 Nh5 13. Bf2 Ne5 14. h4 g4 15. f4 g3 16. fxe5 dxe5 17. Bb5+ Bd7 18. Ne6 fxe6 19. Bxd7+ Kf7 20. Be3 Qa5 21. Rhf1+ Nf6 22. Qe2 Qa6 23. Qh5+ Kg8 24. Qg6 Rh7 25. Bb5 Qa5 26. Bc4 Kh8 27. Bxe6 Qa6 28. Bb3 Rc8 29. Rd3 Qc6 30. Rfd1 Rf8 31. Rd8 Ne8 32. Bf7 Qxg6 33. Bxg6 Nf6 34. Bxh7 Rxd8 35. Rxd8+ Kxh7 36. Rd3 a6 37. Bc5 Nh5 38. Bxe7 Kg6 39. Rd6+ Kf7 40. Bd8 Nf4 41. Rd2 Ke8 42. Bb6 h5 43. Nd5 Ne6 44. Nc7+ Nxc7 45. Bxc7 Bh6 46. Bxe5 Bxd2+ 47. Kxd2 1-0

[Event "Coventry International"]
[Site "Coventry"]
[Date "2025.10.28"]
[Round "4.28"]
[White "Ward, Cian"]
[Black "Edwards, Rhys"]
[Result "1-0"]
[WhiteElo "1909"]
[BlackElo "1751"]
[PlyCount "59"]
[EventDate "2025.10.26"]
[EventType "swiss"]
[EventRounds "9"]
[EventCountry "ENG"]
[SourceTitle "BritBase"]
[Source "John Saunders"]
[SourceDate "2025.10.31"]
[SourceVersion "1"]
[SourceVersionDate "2025.10.31"]
[SourceQuality "1"]

1. e4 c6 2. Nf3 d5 3. Nc3 dxe4 4. Nxe4 Nf6 5. Nxf6+ exf6 6. d4 Bd6 7. Be2 O-O 8. O-O Re8 9. Be3 Nd7 10. c4 Nf8 11. a4 a5 12. h3 Bf5 13. Re1 Rc8 14. Nh4 Be6 15. Bd3 g6 16. Nf3 Bb8 17. Qb3 Re7 18. Rad1 Rd7 19. Qc3 Bd6 20. Bd2 b6 21. Qb3 Bb8 22. Be3 Bc7 23. Be4 g5 24. d5 cxd5 25. cxd5 Bxh3 26. gxh3 Rd6 27. Bf5 Rb8 28. Nd4 Rxd5 29. Nc6 Qd6 30. Qxd5 1-0